UK by Picture - C - Statistics

General Stats
  • This quiz has been taken 85 times
  • The average score is 14 of 20
Answer Stats
Picture Hint Answer % Correct
Comic Actor Charlie Chaplin
97%
Prime Minister Winston Churchill
97%
Sport Cricket
95%
Football Club Chelsea F.C.
93%
University City Cambridge
87%
Sport Curling
87%
Cheese Cheddar
83%
National Capital City Cardiff
75%
Aircraft Concorde
75%
Band Coldplay
73%
Actor Michael Caine
73%
Explorer James Cook
71%
County Cornwall
69%
Statesman Oliver Cromwell
65%
Food Crumpet
63%
Writer Agatha Christie
60%
County Cumbria
55%
Sport Caber Toss
44%
Food Clotted Cream
39%
Boat Coracle
20%
No matching quizzes found
Score Distribution
Percent of People with Each Score
Percentile by Number Answered
Your Score History
You have not taken this quiz